[Event "2nd Guotai Cup Belt Road 2019"]
[Site "Qinhuangdao"]
[Date "2019.04.25"]
[Round "9.7"]
[White "Can, Emre"]
[Black "Peng, Xiongjian"]
[Result "1-0"]
[WhiteElo "2599"]
[BlackElo "2459"]
[Annotator "TA"]
[PlyCount "81"]
[EventDate "2019.04.16"]
[EventType "swiss"]
[EventCountry "CHN"]
[SourceTitle "playchess.com"]
[Source "ChessBase"]
[SourceQuality "1"]

{[%evp 22,107,0,0,0,0,7,0,8,6,7,0,30,0,0,0,0,0,0,-27,0,-39,-28,-61,-14,-75,-46,-39,0,-14,67,12,25,0,22,-542,-45,-45,-45,-45,-45,-51,0,0,35,39,90,0,0,0,0,0,0,-243,341,0,29990,4972,29945,29952,29952,29953,29953,29954,29954,29955,5551,4683,29956,29958,29958,29958,29954,29956,5543,5522,29976,29977,29977,29978,29978,29979,29979,29980,29980,29981,29981,29982]} 1. d4 d5 2. c4 c6 3. Nf3 Nf6 4. Nc3 dxc4 5. a4 Bf5 6. e3 e6 7. Bxc4 Bb4 8. O-O O-O 9. Nh4 Nbd7 10. Nxf5 exf5 11. Qc2 g6 12. f3 Rc8 {D18: Slav Defence: 5 a4 Bf5 6 e3} (12... Nb6 13. Ba2 Re8 14. Qf2 Nbd5 15. Bd2 Qa5 16. Rac1 Bxc3 17. bxc3 Qxa4 18. Bb1 Re6 19. e4 Rae8 20. Bd3 {1-0 (39) Moiseenko,A (2648)-Gharamian,T (2626) Bastia 2016}) 13. Kh1 c5 {Strongly threatening ...cxd4.} 14. Ba2 Nh5 {The position is equal.} 15. Qf2 Ndf6 16. Bd2 {[#]} Re8 $146 ({Predecessor:} 16... Qd7 17. Rfd1 Rfd8 18. Be1 Qe8 19. Bb3 c4 20. Bc2 {½-½ (67) Mukherjee,A (2495)-Rydholm,L (2528) Switzerland 2003}) 17. Rad1 cxd4 18. exd4 f4 19. Rfe1 Qb6 20. Nb5 Bf8 21. Bc1 Red8 22. Qe2 Qa5 23. Bb3 (23. Nc3 $11 {remains equal.}) 23... a6 (23... Bb4 $5 {[%cal Rd8e8]} 24. Nc3 Re8 $15) 24. Nc3 $1 Re8 25. Qd3 Qg5 (25... Ng3+ $11 26. Kg1 (26. hxg3 $2 Qh5+ 27. Kg1 fxg3 $19) 26... Rxe1+ 27. Rxe1 Qb4) 26. Ne4 ({White should try} 26. g4 $14 Ng7 27. Rxe8 Ngxe8 28. Qe2) 26... Qh4 $11 27. Bd2 Red8 28. Rc1 $2 {[%mdl 8192]} (28. Kg1 $11 {and White stays safe.}) 28... Rxc1 $2 (28... Nxe4 $1 $19 29. fxe4 Rxc1 30. Bxf7+ (30. Rxc1 $2 Rxd4 31. Bxf7+ Kxf7 $19) 30... Kxf7 31. Rxc1 Rxd4 $1 {[%mdl 576] Double Attack} 32. Qb3+ (32. Rc7+ $2 Be7 $19) 32... Kg7) 29. Nxf6+ $1 $15 (29. Rxc1 $2 {perishes.} Nxe4 30. Bxf7+ (30. fxe4 $2 Rxd4 31. Bxf7+ Kxf7 $19) 30... Kxf7 $19) 29... Qxf6 30. Rxc1 Rxd4 31. Qe2 {Black must now prevent Bc3.} Rd7 (31... Qd8 $15 32. Be1 Rd7) 32. Rc8 $1 $11 Re7 33. Qd3 {Threatens to win with Qd8!} Qxb2 (33... Qe5 $14 34. Qc3 Ng7) 34. g4 (34. Bb4 $16 Qf2 35. Qd1 (35. Rxf8+ Kxf8 36. Qb1 a5 $17)) 34... fxg3 {[#] ( -> ...Re1+!)} 35. Qd8 $1 $40 {[%csl Gc8][%cal Rd8f8][%mdl 640] [#] White is up to no good.} Re1+ $1 {[%mdl 512]} 36. Kg2 {[%csl Gc8][%cal Rd8f8]} (36. Bxe1 Qxh2#) 36... Re2+ {[%mdl 64] Double Attack} 37. Kh3 $2 (37. Kf1 $11 {and White is okay.} Rf2+ {[%mdl 64] Double Attack} 38. Kg1 Qa1+ 39. Bc1) 37... Rxh2+ $2 (37... Qg7 $1 $19 38. hxg3 Rxd2 $1 {[%mdl 512]} 39. Qxd2 Qe5 40. Rxf8+ Kxf8) 38. Kg4 {[%csl Gc8][%cal Rd8f8]} Qa3 $2 {[%mdl 8192]} (38... Qg7 $11 39. Bb4 h6 40. Qxf8+ Kh7 41. Qxg7+ (41. Qxf7 $2 Qxf7 42. Bxf7 g2 $19) 41... Nxg7 42. Bxf7 g2 43. Bg8+ Kh8 44. Be6+ Kh7 45. Bg8+ Kh8 46. Bf7+ Kh7 47. Bg8+) 39. Bh6 (39. Bc3 $142 Re2 40. Qd4 Qxa4 41. Bxa4 f6 42. Qd7 f5+ 43. Kg5 h6+ 44. Kxg6) 39... Qb4+ {[#]} 40. f4 $1 Ng7 {[#]} 41. Qd7 {Played: Qd8-f6} 1-0

[Event "2nd Guotai Cup Belt Road 2019"]
[Site "Qinhuangdao"]
[Date "2019.04.25"]
[Round "9.8"]
[White "Fang, Yuxiang"]
[Black "Zhang, Ziji"]
[Result "1-0"]
[WhiteElo "2472"]
[BlackElo "2414"]
[Annotator "TA"]
[PlyCount "151"]
[EventDate "2019.04.16"]
[EventType "swiss"]
[EventCountry "CHN"]
[SourceTitle "playchess.com"]
[Source "ChessBase"]
[SourceQuality "1"]

{[%evp 14,151,12,17,14,0,16,9,9,0,16,-7,0,-33,-27,-31,24,27,32,0,18,6,15,0,3,7,0,-22,-22,-24,-28,-20,-20,-20,-27,-29,-23,-40,36,33,23,22,32,40,40,47,28,-25,114,40,145,150,189,187,191,185,187,180,185,129,185,177,247,152,152,153,191,144,155,150,156,141,152,146,152,152,152,152,152,116,115,121,142,142,147,118,115,0,139,144,139,139,144,142,158,148,233,210,217,220,406,370,338,225,291,259,312,305,515,512,500,475,544,521,645,631,29968,29969,29977,29978,29978,29978,29978,29979,29979,29980,29981,29982,29982,29983,29983,29984,29984,29983,29984,29985,29985,29986,29986,29987]} 1. c4 e6 2. Nf3 Nf6 3. g3 d5 4. Bg2 d4 5. e3 c5 6. O-O Nc6 7. exd4 cxd4 8. d3 Bd6 {A13: English Opening: 1...e6} 9. Na3 O-O 10. Nc2 e5 {The position is equal.} 11. b4 {[%cal Bb2b4,Bb4b5][%mdl 32]} Re8 12. b5 Nb8 13. Nh4 $146 ({Predecessor:} 13. Bg5 Nbd7 14. Nd2 Qc7 15. f4 exf4 16. Bxf4 {1-0 (28) Adhiban,B (2682)-Cheparinov,I (2711) Zagreb 2018}) 13... Nbd7 14. f4 Nc5 (14... Bc5 $15) 15. fxe5 $11 Bxe5 16. Nf3 (16. Ba3 $5 {[%cal Ra3c5]} Na4 17. Re1 $14) 16... Bf5 17. Nxe5 Rxe5 18. Bf4 Re8 19. Nb4 {With the idea Bg5.} Qd7 20. Bg5 {And now Bxf6 would win.} Ng4 $1 21. Qf3 Bg6 $1 22. Qd5 Qxd5 23. Bxd5 h6 24. Bf4 Nf6 25. Bd6 Nxd3 (25... Nxd5 $15 26. Nxd5 Nxd3) 26. Bxb7 $14 Rad8 27. Rad1 Nxb4 28. Bxb4 d3 29. c5 Re2 30. c6 (30. Ba5 $142 Rde8 31. Rd2) 30... Nd5 (30... Rc2 $1 $11 {remains equal.}) 31. Ba5 (31. Bd2 $1 $16) 31... Rde8 ({Better is} 31... Ne3 $14) 32. c7 $36 {[%mdl 2048] White is really pushing.} Nxc7 33. Bxc7 R8e7 {[#]} 34. Bf3 $1 Rxc7 35. Bxe2 dxe2 $18 {[%mdl 4096] Endgame KRR-KRB} 36. Rd8+ Kh7 37. Re1 Rc2 (37... Rc5 {is a better defense.} 38. Rxe2 Rxb5) 38. Kf2 Rxa2 39. Rxe2 Ra3 40. Rb2 Bf5 41. Rd6 Bd3 42. Rd4 Bf5 43. Ke1 Rc3 44. Kd2 Rc7 45. Ra4 Bd7 46. Kd3 Rc5 47. Rab4 h5 48. Kd4 Rg5 49. Kc3 Rc5+ 50. Kd4 Rg5 $1 51. Kc4 Be6+ 52. Kc3 Bd7 53. Rb1 Kg6 54. R4b2 Rf5 {[#]} (54... Re5 $16 55. Kd4 f6) 55. Kc4 $1 Re5 56. Ra1 Bh3 $2 (56... Re7 57. Kd4 Be8) 57. Kb4 Re7 58. Ka5 Rb7 59. Rc1 Bd7 60. Rc5 Be8 $2 (60... Bf5 {was necessary.} 61. Ka6 Re7) 61. Ka6 Re7 62. Rc8 Kg5 63. Ra8 Kg4 64. Rxa7 Rxa7+ 65. Kxa7 {KR-KB. White mates.} g5 66. b6 Bc6 67. Rc2 Bh1 68. b7 Bxb7 69. Kxb7 {KR-K3P} f5 70. Kc6 f4 71. gxf4 Kxf4 72. Kd5 g4 73. Ke6 h4 74. Rc4+ Kf3 75. Kf5 g3 76. Rxh4 {Accuracy: White = 69%, Black = 43%.} 1-0

[Event "2nd Guotai Cup Belt Road 2019"]
[Site "Qinhuangdao"]
[Date "2019.04.25"]
[Round "9.9"]
[White "Zou, Chen"]
[Black "Dai, Changren"]
[Result "1/2-1/2"]
[WhiteElo "2397"]
[BlackElo "2472"]
[Annotator "TA"]
[PlyCount "127"]
[EventDate "2019.04.16"]
[EventType "swiss"]
[EventCountry "CHN"]
[SourceTitle "playchess.com"]
[Source "ChessBase"]
[SourceQuality "1"]

{[%evp 19,127,11,19,13,16,0,9,2,16,5,13,7,6,12,6,8,24,12,4,5,3,4,29,31,22,22,27,5,11,0,15,0,28,18,13,9,8,5,31,0,0,0,0,10,3,-10,-9,-19,0,-31,-33,-22,-27,-22,-22,-33,-20,-27,-20,-33,0,-12,-4,-39,-28,-43,0,0,0,0,0,0,0,0,0,-69,-8,-8,0,-6,0,-8,-8,-8,-8,-8,-8,-8,-8,-8,-8,-8,-8,-8,0,0,0,0,0,0,0,-8,-8,-69,-8,-8,-8,-8,-8,-8]} 1. e4 e5 2. Nf3 Nc6 3. Bb5 a6 4. Ba4 Nf6 5. O-O Be7 6. Re1 b5 7. Bb3 O-O 8. a4 b4 9. a5 d6 10. d3 Be6 11. Bxe6 {C88: Closed Ruy Lopez: Anti-Marshall Systems} fxe6 12. Nbd2 Rb8 13. Nb3 (13. c3 Rb5 14. d4 bxc3 15. bxc3 exd4 16. cxd4 Nb4 17. d5 Ng4 18. Rf1 c5 19. dxc6 Nxc6 {½-½ (64) Amin,B (2709)-Ding,L (2812) Astana 2019}) 13... Qc8 14. h3 Nd8 15. Be3 c5 16. Nbd2 Nc6 17. c3 {[#]} Rb5 $146 ({Predecessor:} 17... bxc3 18. bxc3 Rb5 {½-½ (99) Shomoev,A (2552)-Abasov,N (2623) Ulaanbaatar 2018}) 18. d4 bxc3 19. bxc3 exd4 20. cxd4 Nxa5 (20... c4 $5) 21. dxc5 dxc5 22. Qa4 Nd7 23. Rec1 {[#] Threatens to win with Nd4!} Qb7 24. Qa2 Qb6 $1 25. e5 Ra8 26. Rc3 Nf8 27. Qc2 Nc6 28. Nc4 Qb7 29. Qe4 (29. Nd6 $5 {[%cal Rd6b7]} Nb4 30. Qe2 (30. Nxb7 Nxc2 31. Rxc2 Rxb7 $11) 30... Bxd6 31. exd6 $14) 29... Na5 30. Qxb7 Nxb7 31. Rca3 a5 32. Nfd2 Nd7 33. Rd3 Rd8 34. Ne4 Rb4 35. Ned2 Nb8 36. Rxd8+ Bxd8 37. Kf1 Bc7 38. Ke2 Nc6 39. f4 Ne7 40. Kd3 Nd5 41. Ra3 Kf7 42. g3 Ke7 43. Bf2 Kd7 44. Ne4 Rb5 45. Be1 h6 46. Bd2 Kc6 47. g4 (47. Kc2 $11) 47... g6 (47... Rb1 $1 $15) 48. Kc2 $11 Nb4+ 49. Kc3 Nd5+ 50. Kc2 Nb6 51. Nxa5+ Nxa5 52. Rxa5 Rxa5 53. Bxa5 {[%mdl 4096] Endgame KBN-KBN} Nd5 54. Bd2 c4 55. h4 Bb6 56. Nf6 Bd8 57. h5 Bxf6 58. exf6 Nxf6 59. hxg6 Nxg4 {KB-KN} 60. Be1 Nf6 61. Bh4 ({White should play} 61. Kc3 $11) 61... Nh5 (61... Ne8 $1 $15 62. Be7 Kd5) 62. Be7 {The position is equal.} Kd5 63. Bf8 Ke4 64. Bxh6 {Accuracy: White = 58%, Black = 56%.} 1/2-1/2

[Event "2nd Guotai Cup Belt Road 2019"]
[Site "Qinhuangdao"]
[Date "2019.04.25"]
[Round "9.10"]
[White "Peng, Hongchi"]
[Black "Karthik Venkataraman"]
[Result "1/2-1/2"]
[WhiteElo "2347"]
[BlackElo "2505"]
[Annotator "TA"]
[PlyCount "66"]
[EventDate "2019.04.16"]
[EventType "swiss"]
[EventCountry "CHN"]
[SourceTitle "playchess.com"]
[Source "ChessBase"]
[SourceQuality "1"]

{[%evp 21,66,20,33,27,34,28,37,22,56,62,39,21,75,90,101,69,93,80,65,51,47,46,43,47,43,43,48,12,12,0,0,0,0,0,0,0,0,0,0,0,0,0,0,0,0,0,15]} 1. e4 g6 2. d4 Bg7 3. Nc3 d6 4. f4 Nf6 5. Nf3 O-O 6. Bd3 Nc6 7. e5 dxe5 8. dxe5 Nd5 9. Nxd5 Qxd5 10. Qe2 Bg4 11. Be4 Qa5+ 12. Bd2 {B09: Pirc Defence: Austrian Attack} Qb6 13. O-O-O Nd4 14. Qe1 $146 {With the idea Ba5.White is slightly better.} ({Predecessor:} 14. Qd3 Rfd8 15. Qa3 Bxf3 16. Bxf3 Nxf3 17. Qxf3 c6 18. Kb1 Qb5 19. Bc1 Rd5 {1-0 (35) Goryachkina,A (2496)-Rozum,I (2581) Sochi 2018}) 14... Nxf3 15. gxf3 Be6 16. h4 f5 (16... Rfd8 $1 $11) 17. exf6 $16 Bxf6 {[%csl Gf6][%cal Rb6b2] [#]} 18. Bc3 Rad8 ({Don't blunder} 18... Bxa2 $2 19. b3 $18) 19. Rxd8 Rxd8 20. Bxf6 exf6 21. h5 f5 22. Bd3 {[#] Black must now prevent hxg6.} Qd6 $1 23. hxg6 hxg6 24. Qh4 Kf7 {The position is equal.} 25. Qg5 {Rh7+ would kill now.} Rg8 26. Rh7+ $40 {[%mdl 128] White attacks.} Rg7 27. Rh8 Qd4 28. b3 a5 29. Kd2 Qf2+ 30. Kc3 Qc5+ 31. Kd2 Qf2+ 32. Kc3 Qc5+ 33. Kd2 Qd4 {Accuracy: White = 50%, Black = 76%.} 1/2-1/2